LIBRARY & INFORMATION CENTRE, KCAET, TAVANUR

ONLINE PUBLIC ACCESS CATALOGUE (OPAC)

Basic Water Treatment (Record no. 14605)

MARC details
000 -LEADER
fixed length control field 00330nam a22001457a 4500
020 ## - INTERNATIONAL STANDARD BOOK NUMBER
ISBN 9781847558787
082 ## - DEWEY DECIMAL CLASSIFICATION NUMBER
Classification number 628.162
Item number BIN/AB
100 ## - MAIN ENTRY--AUTHOR NAME
Personal name Binnie,Chris
100 ## - MAIN ENTRY--AUTHOR NAME
Personal name Martin Kimber
245 ## - TITLE STATEMENT
Title Basic Water Treatment
250 ## - EDITION STATEMENT
Edition statement 4th
260 ## - PUBLICATION, DISTRIBUTION, ETC. (IMPRINT)
Place of publication London
Name of publisher RSC Publishing
Year of publication 2009
300 ## - PHYSICAL DESCRIPTION
Number of Pages 318
942 ## - ADDED ENTRY ELEMENTS (KOHA)
Koha item type Books
Holdings
Withdrawn status Lost status Damaged status Collection code Home library Current library Shelving location Date acquired Source of acquisition Cost, normal purchase price Full call number Accession Number Koha item type
        KAUAET KAUAET General Stacks 20/07/2016 Dream Tech, Trivandrum 4024.00 628.162 BIN/AB 24772 Books
free website counter